Talents de Disco Elysium - Statistiques

Statistiques générales
  • Ce quiz a été pris 19 fois
  • Le résultat moyen est 13 sur 24
Statistiques - réponses
Intellect % Correct
Encyclopédie
85%
Autorité
77%
Endurance
77%
Frisson
77%
Logique
77%
Empathie
69%
Conceptualisation
62%
Cour intérieure
62%
Esprit de corps
62%
Sang froid
62%
Volonté
62%
Art dramatique
54%
Coordination visiotactile
54%
Électro-chimie
54%
Rhétorique
54%
Suggestion
54%
Affinité mécanique
46%
Instrument physique
46%
Clair obscur
38%
Mise en scène
38%
Projection analytique
38%
Douleur transcendée
31%
Perception
31%
Réactivité
23%
Aucun quiz correspondant
Distribution des résultats
% des personnes avec chaque résultat
Percentile par nombre de réponses
Votre historique - résultats
Vous n’avez pas pris ce quiz